Представление документа в формате RUSMARC

ПолеНазваниеЗначение
  Тип записи a
  Библиографический уровень a
001 Контрольный номер RU/CBS_Ul/BASE/448116283
005 Дата корректировки 20260423104010.5
100 Данные общей обработки __
a Данные общей обработки 20140314d2014 ||| 0rusy0189 ca
101 Язык документа 0_
a Язык текста rus
102 Страна публикации __
a Страна публикации RU
105 Кодированные данные (монография) __
a Кодированные данные (монография) y###||||000|y
200 Заглавие и сведения об ответственности 1_
a Заглавие Шесть мифов о первом: Что получил Юрий Гагарин за полёт в космос
f Первые сведения об ответственности Наталия Ячменникова
300 Общие примечания __
a Общие примечания Ограничения по возрасту - 16+
461 Уровень набора _0
1 2000
a Российская газета
463 Уровень физической единицы _0
1 001RU/CBS_Ul/BASE/448108476
1 2000
a №58 (13 марта)
v С.26.- (История).
1 210
d 2014
610 Ключевые слова 0_
a Ключевые слова Гагарин Юрий
686 Индексы других классификаций __
a Классификационный индекс 39.6г
2 Код системы ББК
700 Автор _1
a Фамилия Ячменникова
b Имя (инициалы) Наталия
g Полное личное имя Н.
801 Источник записи _0
a Страна RU
b Организация МБУК ЦБС г. Ульяновска
c Дата составления 20140314
g Правила каталогизации RCR
801 Источник записи _1
a Страна RU
b Организация МБУК ЦБС г. Ульяновска
c Дата составления 20140314
g Правила каталогизации RCR
901 Тип документа __
t Тип документа f
w Контрольный № источника RU/CBS_Ul/BASE/448108476
910 Корректоры записи __
a Корректор записи Михайлова
938 Служебная информация __
a Имя БД period